| 000 | 00582nam a2200217 a 4500 | ||
|---|---|---|---|
| 001 | BRCA_6673 | ||
| 005 | 20190320205541.0 | ||
| 008 | 121011s1911----gw-a######---#000-0#ger-# | ||
| 041 | _ager | ||
| 044 | _agw | ||
| 050 | 4 |
_aQB43 _b.R87 1911 |
|
| 100 | 1 |
_aRusch, Franz _916700 |
|
| 245 | 1 | 0 |
_aHimmelsbeobachtung mit blossem auge, für schüler _cvon Franz Rusch. |
| 260 |
_aLeipzig, Alemania _bB. G. Teubner _c1911 |
||
| 300 |
_a223 p. _bil. _c20 cm. |
||
| 500 | _aIncluye índice alfabético | ||
| 500 | _aL193 | ||
| 650 | 1 | 4 |
_aAstronomía _97908 |
| 902 | _aGFM | ||
| 942 |
_2lcc _cB |
||
| 999 |
_c6357 _d6357 |
||